Top 10 Least Happy U.S. States - Statistics

General Stats
  • This quiz has been taken 24,039 times
    24,000 since last reset
  • The average score is 7 of 10
Answer Stats
Rank State % Correct
50 New York
92%
45 California
82%
43 Ohio
75%
48 New Jersey
73%
47 Michigan
71%
44 Illinois
70%
42 Massachusetts
63%
41 Rhode Island
60%
49 Connecticut
59%
46 Indiana
59%
No matching quizzes found
Score Distribution
Percent of People with Each Score
Percentile by Number Answered
Your Score History
You have not taken this quiz since the last reset